Geografia Polski: Województwa - Statystyki

Ogólne statystyki
  • Ten quiz został rozwiązany 197 razy
  • Średni wynik to 5 z 10
Statystyki odpowiedzi
Zagadnienie Odpowiedź % Poprawnych
Największe województwo oprócz Mazowieckiego to Wielkopolskie
100%
Najmniejsze województwo to Opolskie
80%
Najludniejsze województwo oprócz Mazowieckiego to Śląskie
80%
Najbardziej zurbanizowane województwo to Śląskie
80%
Najmniej ludnym województwem jest Opolskie
60%
Które województwo ma największą stopę bezrobocia Warmińsko-mazurskie
40%
Województwo z najmniejszym PKB na mieszkańca to Lubelskie
30%
Najmniej zurbanizowane województwo to Podkarpackie
20%
Które województwo ma najmniejszą stopę bezrobocia Wielkopolskie
20%
Województwo z największym PKB na mieszkańca oprócz Mazowieckiego to Dolnośląskie
0%
Nie znaleziono quizów pasujących do podanych kryteriów
Rozkład punktacji
Procent ludzi z każdym wynikiem
Percentyl według liczby udzielonych odpowiedzi
Twoja historia wyników
Nie rozwiązałeś tego quizu